000 01247nam a2200397 i 4500
001 27946
003 KOSZ 005
005 20211019090702.0
008 001009s1979 pl a f f |000 0 pol
015 _aPB 1979/6169
040 _aWA N
_cWA N
_dKOSZ 005/HR
041 0 _apol
046 _k1979
080 _a625.7/.8
080 _a528.7
080 _a(075.8)
100 1 _aPrzewłocki, Stefan
_d(1933- )
_eAutor
245 1 0 _aGeodezja inżynieryjna z fotogrametrią /
_cStefan Przewłocki ; Politechnika Łódzka.
260 _aŁódź :
_bnakł. PŁ,
_c1979.
300 _a308 s., [17] k. tabl. ;
_bil. ;
_c20 cm.
380 _aKsiążki
388 _a1901-2000
388 _a1945-1989
490 1 _aSkrypty dla Szkół Wyższych / PŁ
504 _aBibliogr.
650 4 _aDrogi
650 4 _aProjektowanie
650 4 _aGeodezja
650 4 _aFotogrametria
655 4 _aPodręczniki akademickie
658 _aArchitektura i budownictwo
658 _aTransport i logistyka
830 0 _aSkrypty dla Szkół Wyższych - Politechnika Łódzka
856 _uhttp://koha.tu.koszalin.pl/cgi-bin/koha/opac-detail.pl?biblionumber=27946
_yKatalog online BPK
942 _2UKD
_cKS
999 _c27946
_d27946